<?xml version="1.0" encoding="UTF-8"?>
<record
    xmlns:xsi="http://www.w3.org/2001/XMLSchema-instance"
    xsi:schemaLocation="http://www.loc.gov/MARC21/slim http://www.loc.gov/standards/marcxml/schema/MARC21slim.xsd"
    xmlns="http://www.loc.gov/MARC21/slim">

  <leader>00875nam a22002297i 4500</leader>
  <datafield tag="999" ind1=" " ind2=" ">
    <subfield code="c">23553</subfield>
    <subfield code="d">23553</subfield>
  </datafield>
  <controlfield tag="003">AR-CdUCM</controlfield>
  <controlfield tag="008">260330b20242024 pe||||| |||| 00| 0 spa d</controlfield>
  <datafield tag="020" ind1=" " ind2=" ">
    <subfield code="a">978-84-18246-54-8</subfield>
  </datafield>
  <datafield tag="040" ind1=" " ind2=" ">
    <subfield code="a">MUNICIPALIDAD PROVINCIAL DEL CUSCO</subfield>
    <subfield code="c">BIBLIOTECA MUNICIPAL DEL CUSCO</subfield>
  </datafield>
  <datafield tag="082" ind1=" " ind2=" ">
    <subfield code="a">EP / 101.01</subfield>
    <subfield code="b">B12</subfield>
  </datafield>
  <datafield tag="100" ind1=" " ind2=" ">
    <subfield code="a">Baccalario, Perdomenico</subfield>
  </datafield>
  <datafield tag="245" ind1=" " ind2=" ">
    <subfield code="a">&#xBF;De qu&#xE9; esta hecho el mundo? :</subfield>
    <subfield code="b">Enciclopedia juvenil para mentes curiosas /</subfield>
  </datafield>
  <datafield tag="260" ind1=" " ind2=" ">
    <subfield code="a">Barcelona-Espa&#xF1;a :</subfield>
    <subfield code="b">BOLDLETTERS S. L.</subfield>
    <subfield code="c">2024</subfield>
  </datafield>
  <datafield tag="300" ind1=" " ind2=" ">
    <subfield code="a">139 p&#xE1;ginas. :</subfield>
    <subfield code="c">21x14 cm.</subfield>
  </datafield>
  <datafield tag="505" ind1=" " ind2=" ">
    <subfield code="a">&#xBF;De que estoy hecho? -- &#xBF;C&#xF3;mo de miden las cosas' -- &#xBF;Qu&#xE9; significa natural? -- &#xBF;&#xB4;Para que sirve la qu&#xED;mica?</subfield>
  </datafield>
  <datafield tag="650" ind1=" " ind2=" ">
    <subfield code="a">Para que sirve la f&#xED;sica </subfield>
    <subfield code="9">52394</subfield>
  </datafield>
  <datafield tag="650" ind1=" " ind2=" ">
    <subfield code="a">Para que sirve la qu&#xED;mica</subfield>
    <subfield code="9">52395</subfield>
  </datafield>
  <datafield tag="856" ind1=" " ind2=" ">
    <subfield code="f">www.bold-letters.com</subfield>
  </datafield>
  <datafield tag="942" ind1=" " ind2=" ">
    <subfield code="2">ddc</subfield>
    <subfield code="c">LIBROS</subfield>
  </datafield>
  <datafield tag="945" ind1=" " ind2=" ">
    <subfield code="a">pbjr</subfield>
    <subfield code="d">30-01-2024</subfield>
  </datafield>
  <datafield tag="952" ind1=" " ind2=" ">
    <subfield code="0">0</subfield>
    <subfield code="2">ddc</subfield>
    <subfield code="4">0</subfield>
    <subfield code="7">0</subfield>
    <subfield code="a">SI</subfield>
    <subfield code="b">SI</subfield>
    <subfield code="c">CART</subfield>
    <subfield code="d">2026-03-30</subfield>
    <subfield code="e">Donaci&#xF3;n</subfield>
    <subfield code="g">10.00</subfield>
    <subfield code="o">EP / 101.01 / B12</subfield>
    <subfield code="p">SI00005173</subfield>
    <subfield code="r">2026-03-30</subfield>
    <subfield code="y">LIBROS</subfield>
  </datafield>
</record>
